000 00861nam a2200217 a 4500
001 000036891
005 20200930080012.0
008 120203s1979 sp b 000 0 spa d
020 _a8420622435
040 _aDO-SdBNP
_bspa
_cBNPHU
100 1 _aCoverdale, John F.,
_d1940-
_963275
240 1 0 _aItalian intervention in the Spanish Civil War.
_lEspañol
245 1 3 _aLa intervención fascista en la Guerra Civil española /
_cJohn F. Coverdale ; versión española de Fernando Santos Fontenla.
260 _aMadrid :
_bAlianza Editorial,
_c1979.
300 _a390 p. :
_bmapa ;
_c20 cm.
490 1 _aAlianza universidad
_v243
500 _aIncluye notas al pie de las páginas.
534 _aTítulo original:
_tItalian intervention in the Spanish Civil War
700 1 _aSantos Fontenla, Fernando,
_etr.
_948628
830 0 _aAlianza universidad;
_v243
_932127
999 _c36382
_d36382